| 000 | 00351ngm a2200133 i 4500 | ||
|---|---|---|---|
| 001 | bg | ||
| 100 | 1 | _aRoniewicz, Piotr. | |
| 245 | 0 | 0 |
_aTaki pejzaż. _cPiotr Roniewicz, Gerard Sawicki, Andrzej Wierzbowski. _n1-2 / |
| 260 |
_aWarszawa : _b[s.n.], _c1995. |
||
| 040 | _cBPK | ||
| 041 | _apol | ||
| 942 | _cTW | ||
| 008 | s pl f |000 0 pol | ||
| 999 |
_c50108 _d50108 |
||
| 856 |
_uhttp://koha.tu.koszalin.pl/cgi-bin/koha/opac-detail.pl?biblionumber=50108 _yKatalog online BPK |
||